Tribhuvan University Central Library

Shikshan peshaprati shikshakaharuko santusti (Record no. 104493)

MARC details
000 -LEADER
fixed length control field 00531nam a22001697a 4500
008 - FIXED-LENGTH DATA ELEMENTS--GENERAL INFORMATION
fixed length control field 220426b |||||||| |||| 00| 0 eng d
041 ## - LANGUAGE CODE
Language code of text/sound track or separate title Nep.
082 ## - DEWEY DECIMAL CLASSIFICATION NUMBER
Classification number CD19593
100 ## - MAIN ENTRY--PERSONAL NAME
Personal name Humagain, Mira
245 ## - TITLE STATEMENT
Title Shikshan peshaprati shikshakaharuko santusti
260 ## - PUBLICATION, DISTRIBUTION, ETC. (IMPRINT)
Place of publication, distribution, etc Morang:
Name of publisher, distributor, etc Sukuna Multiple Campus,
Date of publication, distribution, etc 2074BS
502 ## - DISSERTATION NOTE
Dissertation note Dissertation (Degree in Curriculum and evaluation), Sukuna Multiple Campus
650 ## - SUBJECT ADDED ENTRY--TOPICAL TERM
Topical term or geographic name as entry element Teaching- vocational guidence
650 ## - SUBJECT ADDED ENTRY--TOPICAL TERM
Topical term or geographic name as entry element Curriculum
650 ## - SUBJECT ADDED ENTRY--TOPICAL TERM
Topical term or geographic name as entry element Teachers' satisfaction
942 ## - ADDED ENTRY ELEMENTS (KOHA)
Source of classification or shelving scheme Dewey Decimal Classification
Koha item type Audio Visual Materials
Holdings
Withdrawn status Lost status Source of classification or shelving scheme Damaged status Not for loan Home library Current library Date acquired Total Checkouts Full call number Barcode Date last seen Price effective from Koha item type
    Dewey Decimal Classification     Tribhuvan University Central Library Tribhuvan University Central Library 04/26/2022   CD19593 A19543 04/26/2022 04/26/2022 Audio Visual Materials